| 000 | 00480nam a2200169Ia 4500 | ||
|---|---|---|---|
| 008 | 220531s9999 xx 000 0 und d | ||
| 041 | _amar | ||
| 100 |
_aबुच महेश. _947430 |
||
| 245 | _aपर्यावरणीय जाण व दष्टी आणि नगर नियोजन. | ||
| 250 | _a1ST | ||
| 260 |
_bParisar _c2001 |
||
| 300 | _a114 | ||
| 542 | _d07-12-2004 | ||
| 650 |
_aSociology _947431 |
||
| 906 | _d2004-2005 | ||
| 999 |
_c27834 _d27834 |
||